The recovery of disturbance and other compensation for tenancies with short terms or early determination clauses (Record no. 81802)

MARC details
000 -LEADER
fixed length control field 01043cab a22002295a 4500
001 - CONTROL NUMBER
control field L148353
008 - FIXED-LENGTH DATA ELEMENTS--GENERAL INFORMATION
fixed length control field 090908s2009 xxk f 000 0 eng d
035 ## - SYSTEM CONTROL NUMBER
System control number (Sirsi) u148353
041 0# - LANGUAGE CODE
Language code of text/sound track or separate title eng
100 1# - MAIN ENTRY--PERSONAL NAME
Personal name Denyer-Green, Barry
245 04 - TITLE STATEMENT
Title The recovery of disturbance and other compensation for tenancies with short terms or early determination clauses
260 ## - PUBLICATION, DISTRIBUTION, ETC.
Date of publication, distribution, etc. 2009
490 ## - SERIES STATEMENT
Series statement Journal of Planning and Environment Law
Volume/sequential designation (7) 2009, 825-830 (6)
520 ## - SUMMARY, ETC.
Summary, etc. Discusses compensation rules relating to disturbance from occupation for short term tenancies or early determination clauses. Presents the common law damages approach. Examines the problem of unprotected or contracted-out commercial tenancies.
590 ## - LOCAL NOTE (RLIN)
Local note KA
650 24 - SUBJECT ADDED ENTRY--TOPICAL TERM
Topical term or geographic name entry element LANDLORD AND TENANT ACT 1954
650 24 - SUBJECT ADDED ENTRY--TOPICAL TERM
Topical term or geographic name entry element COMPULSORY PURCHASE ACT 1965
651 #4 - SUBJECT ADDED ENTRY--GEOGRAPHIC NAME
Geographic name England and Wales
Chronological subdivision 1543-
690 ## - LOCAL SUBJECT ADDED ENTRY--TOPICAL TERM (OCLC, RLIN)
Topical term or geographic name as entry element PROPERTY-COMMERCIAL PROPERTY-COMMERCIAL LANDLORD AND TENANT-BUSINESS TENANCIES
711 2# - ADDED ENTRY--MEETING NAME
Meeting name or jurisdiction name as entry element National Conference of the Compulsory Purchase Association
942 ## - ADDED ENTRY ELEMENTS (KOHA)
Suppress in OPAC 0
Holdings
Withdrawn status Lost status Source of classification or shelving scheme Damaged status Not for loan Home library Current library Shelving location Date acquired Total Checkouts Full call number Barcode Date last seen Copy number Price effective from Koha item type
    Dewey Decimal Classification     London London Journal article 08/09/2009   L148353 148353-1001 06/08/2019 1 06/08/2019 Journal article